Statistics for Borderlands 2 General Knowledge

Click here to take the quiz!

General Stats

  • This quiz has been taken 1,808 times
  • The average score is 13 of 15

Answer Stats

HintAnswer% Correct
The planet where this all goes downPandora
98%
The doctor who doesn't have a medical licenseDr. Zed
93%
The "good-looking" antagonistHandsome Jack
93%
The sexy bartenderMoxxi
93%
The Siren's...Maya
92%
The arms dealerMarcus
91%
Purple rock sold on the black marketEridium
88%
The Commando's nameAxton
87%
The Assassin's...Zer0
87%
The Gunzerker's...Salvador
86%
This crazed character is on the front cover of Borderlands and Borderlands 2Psycho
84%
He's a hunter, a scholar, and a gentlemanSir Hammerlock
84%
The main developer of Borderlands 2Gearbox Software
73%
If Handsome Jack awakens this beast, he'll exterminate the "bandit plague"The Warrior
70%
His product line was discontinuedClaptrap
69%

Score Distribution

Percentile by Number Answered

Percent of People with Each Score

Your Score History

You have not taken this quiz